[Event "Challenge"]
[Site "http://www.queenalice.com/game.php?id=777286"]
[Date "2010.5.18"]
[Round "-"]
[White "miras773"]
[Black "elwis"]
[Result "1-0"]
[WhiteElo "1609"]
[BlackElo "1396"]

1. d4 h6 2. c4 d5 3. cxd5 Qxd5 4. Nc3 Qa5 5. Bd2 f6 6. e3 g5 7. Bb5+ c6 8. Be2
f5 9. Na4 Qd5 10. Nf3 g4 11. Nc3 Qf7 12. Ne5 Qe6 13. h3 Nf6 14. hxg4 fxg4 15.
Bxg4 Qd6 16. Bxc8 Na6 17. Bxb7 Nc7 18. Bxc6+ Kd8 19. Nf7+ Kc8 20. Nxd6+ exd6 21.
Bxa8 Nxa8 22. Nb5 Rg8 23. Rc1+ Kb7 24. Nxd6+ Kb8 25. Rc8# 1-0

[Event "Challenge"]
[Site "http://www.queenalice.com/game.php?id=777510"]
[Date "2010.5.18"]
[Round "-"]
[White "vinoseco"]
[Black "elwis"]
[Result "0-1"]
[WhiteElo "936"]
[BlackElo "1392"]

1. e4 d5 2. exd5 Qxd5 3. c4 Qe5+ 4. Be2 h5 5. d4 Qa5+ 6. Bd2 Qa6 7. Qb3 f6 8. d5
Nh6 9. Bxh5+ Nf7 10. Bf3 Ne5 11. Be2 g5 12. h3 g4 13. h4 e6 14. g3 Bh6 15. c5 b5
16. Bxb5+ Nbd7 17. Bxa6 Bxa6 18. dxe6 Nxc5 19. Qd5 Rd8 20. Qxc5 Nd3+ 21. Kf1
Nxc5+ 22. Kg2 Bxd2 23. Nxd2 Rxd2 24. b4 Nd3 25. Rf1 c5 26. a3 c4 27. h5 c3 28.
Rh4 c2 29. Ne2 Rg8 30. h6 Bb7+ 31. Kg1 f5 32. h7 Rh8 33. Rh5 Rxe2 34. Rxf5 c1=Q
35. Rxc1 Nxc1 36. Rf7 Re1+ 37. Kh2 Rh1# 0-1

[Event "Challenge"]
[Site "http://www.queenalice.com/game.php?id=781664"]
[Date "2010.5.27"]
[Round "-"]
[White "vinoseco"]
[Black "elwis"]
[Result "0-1"]
[WhiteElo "926"]
[BlackElo "1394"]

1. a4 g5 2. b3 Nf6 3. Bb2 Bg7 4. Nc3 e5 5. e3 Ne4 6. Nxe4 f5 7. Ng3 f4 8. Nf5
Rg8 9. Nxg7+ Rxg7 10. Qh5+ Rf7 11. Bxe5 Nc6 12. Bg7 d5 13. exf4 g4 14. c4 Nd4
15. cxd5 Nc2+ 16. Kd1 Bf5 17. Ra2 Nb4 18. Bc4 a6 19. d6 Bg6 20. Bf6 Qxf6 21.
Qxg4 cxd6 22. Qf3 O-O-O 23. g4 Re8 24. g5 Rfe7 25. gxf6 Re1# 0-1

[Event "Challenge"]
[Site "http://www.queenalice.com/game.php?id=783856"]
[Date "2010.6.1"]
[Round "-"]
[White "elwis"]
[Black "vinoseco"]
[Result "0-1"]
[WhiteElo "1396"]
[BlackElo "926"]

1. d4 Nf6 2. Bg5 c6 3. g3 Qb6 4. b3 h6 5. Bf4 Qa5+ 6. c3 Qd5 7. Nf3 d6 8. h4 Nh5
9. Bh3 Bxh3 10. Rxh3 Qe6 11. Ng1 Nxf4 12. gxf4 Qg4 13. Kd2 Qxf4+ 14. e3 Qxf2+
15. Kc1 h5 16. Rf3 Qh2 17. Nh3 g6 18. d5 e5 19. Ng5 Qxh4 20. Nxf7 Rh7 21. Nxd6+
Bxd6 22. a4 Qg4 23. Na3 e4 24. Rf6 Qd7 25. Nc4 Bc5 26. Ne5 Qe7 27. Nxg6 Qxf6 28.
Kb2 Qxg6 29. Qf1 Rf7 30. Qh3 Rf2+ 31. Kc1 Qg1+ 32. Qf1 Qxf1# 0-1

[Event "Challenge"]
[Site "http://www.queenalice.com/game.php?id=784494"]
[Date "2010.6.2"]
[Round "-"]
[White "elwis"]
[Black "miras773"]
[Result "0-1"]
[WhiteElo "1409"]
[BlackElo "1689"]

1. d4 d5 2. Bg5 c6 3. b4 h6 4. Bh4 Nf6 5. a4 Qd6 6. c3 Be6 7. g3 g5 8. Nf3 gxh4
9. g4 Nxg4 10. Bh3 Ne3 11. fxe3 Bxh3 12. Na3 Bg2 13. Rf1 Bxf1 14. Kxf1 Qg6 15.
Ne5 Qf5+ 16. Ke1 Rg8 17. Qd3 Qg5 18. Kd2 e6 19. c4 Na6 20. b5 Nb4 21. Qb1 c5 22.
h3 cxd4 23. Qd3 Nxd3 24. Nxf7 Kxf7 25. cxd5 Bb4+ 26. Kxd3 Rac8 27. Rf1+ Ke7 28.
Kxd4 Qxd5# 0-1

[Event "Challenge"]
[Site "http://www.queenalice.com/game.php?id=784495"]
[Date "2010.6.2"]
[Round "-"]
[White "elwis"]
[Black "miras773"]
[Result "0-1"]
[WhiteElo "1414"]
[BlackElo "1684"]

1. Nh3 d5 2. Nf4 e5 3. d4 exd4 4. Qxd4 c6 5. Be3 Nf6 6. g3 Be6 7. Qa4 b5 8. Qb3
d4 9. Nxe6 fxe6 10. Na3 dxe3 11. Rd1 exf2+ 12. Kxf2 Qxd1 13. Bg2 Bc5+ 14. e3
Ng4# 0-1

[Event "Challenge"]
[Site "http://www.queenalice.com/game.php?id=784630"]
[Date "2010.6.2"]
[Round "-"]
[White "elwis"]
[Black "carlossaavedra"]
[Result "0-1"]
[WhiteElo "1404"]
[BlackElo "1527"]

1. d4 Nf6 2. c3 g6 3. g3 Bg7 4. e3 d5 5. Qa4+ Bd7 6. Qa5 Nc6 7. Qa3 Ne4 8. f3
Nd6 9. Qc5 e6 10. h4 b6 11. Qa3 O-O 12. Qa6 Qc8 13. Qa3 a5 14. b3 Nf5 15. e4
Nxg3 16. Rh3 Nh5 17. exd5 exd5 18. f4 Re8+ 19. Be2 Bf8 20. Rd3 Ng3 21. Rxg3 Bxa3
22. Nd2 Bxc1 23. Rxc1 Bg4 24. c4 Nxd4 25. Rf3 Bxf3 26. Ndxf3 Nxf3+ 27. Nxf3 Qg4
28. Kd2 Qxf4+ 29. Kc2 Rxe2+ 30. Kd1 Qxf3 31. b4 Qf1# 0-1

[Event "Challenge"]
[Site "http://www.queenalice.com/game.php?id=784631"]
[Date "2010.6.2"]
[Round "-"]
[White "vinoseco"]
[Black "elwis"]
[Result "1-0"]
[WhiteElo "1276"]
[BlackElo "1409"]

1. e4 d5 2. f3 e5 3. Nc3 c6 4. d3 d4 5. Na4 Qh4+ 6. g3 Qh5 7. Qd2 h6 8. f4 g5 9.
Be2 Qg6 10. f5 Qf6 11. g4 Na6 12. Qa5 Qd8 13. Qxe5+ Qe7 14. Qxh8 Qb4+ 15. Kf2
Ne7 16. b3 b5 17. Nb6 Rb8 18. Nxc8 Rxc8 19. a3 Qa5 20. Qxd4 c5 21. Qe5 Nc7 22.
Qxc5 Bg7 23. Ra2 a6 24. h4 Qc3 25. Qe3 Bd4 26. Bd2 Qc5 27. Bb4 Qe5 28. Bc3 Qf4+
29. Nf3 Bxe3+ 30. Ke1 Qg3+ 31. Kd1 h5 32. hxg5 Ncd5 33. Bg7 Qf2 34. Nh2 Nc3+ 35.
Bxc3 Rxc3 36. Rf1 Qg3 37. Rf3 Qxh2 38. Rxe3 Nc6 39. a4 Nd4 40. g6 b4 41. a5 hxg4
42. Ra4 g3 43. Rxb4 Nxc2 44. Rf3 Nxb4 45. g7 Qh1+ 46. Rf1 Qh7 47. f6 Nxd3 48.
Kd2 Qh2 49. g8=Q+ Kd7 50. Qxf7+ Kd6 51. Qg7 g2 52. f7 gxf1=Q 53. f8=Q+ Qxf8 54.
Qxf8+ Ke5 55. Qg7+ Kxe4 56. Qxc3 Qh6+ 57. Kd1 Ke3 58. Bxd3 Qh1+ 59. Kc2 Qg2+ 60.
Kb1 Qd2 61. Qxd2+ Kxd2 62. Bxa6 Kc3 63. Bc4 Kb4 64. a6 Ka5 65. a7 Kb6 66. a8=Q
Kc5 67. Qb8 Kd4 68. Qc8 Kc3 69. Qh3+ Kb4 70. Ka2 Ka5 71. Qc3+ Kb6 72. b4 Kc6 73.
b5+ Kc5 74. Ka3 Kb6 75. Qb4 Kb7 76. Bd5+ Kb6 77. Ka4 Kc7 78. Qc5+ Kb8 79. Qb6+
Kc8 80. Ka5 Kd7 81. Qc6+ Kd8 82. b6 Ke7 83. b7 Kf8 84. Qc7 Ke8 85. b8=Q# 1-0

[Event "Challenge"]
[Site "http://www.queenalice.com/game.php?id=788400"]
[Date "2010.6.11"]
[Round "-"]
[White "CristianLonghinoti"]
[Black "elwis"]
[Result "1-0"]
[WhiteElo "1524"]
[BlackElo "1388"]

1. e4 Na6 2. d3 h6 3. h3 d6 4. c4 e5 5. b3 Nc5 6. Be2 g6 7. a3 g5 8. Bh5 Be6 9.
Qf3 Nxb3 10. Ra2 Nxc1 11. Rb2 b6 12. Qd1 Nxd3+ 13. Qxd3 Qd7 14. Ne2 Nf6 15. Bf3
Qa4 16. Rb4 Qa6 17. O-O Rd8 18. Rc1 c5 19. Rb3 h5 20. Nec3 Rh6 21. Rc2 Bxc4 22.
Qd2 Bxb3 23. Rb2 c4 24. Qe1 g4 25. Be2 d5 26. Nxd5 Qxa3 27. Nxa3 Nxe4 28. Bxc4
f5 29. Rxb3 Bc5 30. Rb2 g3 31. Bd3 gxf2+ 32. Qxf2 Rxd5 33. Bxe4 Bxf2+ 34. Rxf2
f4 35. Bxd5 Rd6 36. Be4 Rd1+ 37. Kh2 a6 38. Bc6+ Kd8 39. Re2 Rd3 40. Nc4 b5 41.
Nxe5 Kc7 42. Be4 Rb3 43. Ng6 a5 44. Nxf4 a4 45. Bc2 Ra3 46. Nd3 h4 47. Re4 1-0

[Event "Challenge"]
[Site "http://www.queenalice.com/game.php?id=808391"]
[Date "2010.7.25"]
[Round "-"]
[White "elwis"]
[Black "vinoseco"]
[Result "0-1"]
[WhiteElo "1364"]
[BlackElo "1299"]

1. d4 c6 2. c3 e6 3. a3 d5 4. b4 Na6 5. e3 b5 6. Nf3 Nf6 7. Ne5 Qd6 8. g4 h6 9.
Bg2 Ne4 10. Rf1 Be7 11. Qf3 Rf8 12. a4 f6 13. Ng6 Rg8 14. axb5 cxb5 15. Qf4 Qd7
16. f3 Bd6 17. Ne5 Bxe5 18. dxe5 g5 19. Qxe4 dxe4 20. fxe4 Bb7 21. Rxf6 Rd8 22.
Nd2 Qd3 23. Rxe6+ Kf7 24. Rf6+ Kg7 25. Ra5 Qxe3+ 26. Kd1 Qg1+ 27. Rf1 Qxg2 28.
Rxb5 Bxe4 29. Re1 Qf3+ 30. Re2 Qh1+ 31. Re1 Bf3+ 32. Kc2 Qxe1 33. Rb7+ Bxb7 34.
Kb1 Qxe5 35. Kb2 Qxh2 36. Kc2 Be4+ 37. Kd1 Bd3 38. c4 Rde8 39. Nf1 Qe2# 0-1

[Event "Challenge"]
[Site "http://www.queenalice.com/game.php?id=942712"]
[Date "2011.5.26"]
[Round "-"]
[White "vinoseco"]
[Black "elwis"]
[Result "1-0"]
[WhiteElo "1396"]
[BlackElo "1323"]

1. e4 d6 2. Nc3 h5 3. d3 e6 4. Be2 g6 5. Nf3 Bg7 6. d4 b6 7. Bg5 f6 8. Bc1 a5 9.
Nh4 Ne7 10. Bb5+ Bd7 11. a4 c6 12. Bd3 g5 13. Nf3 e5 14. d5 c5 15. g3 Na6 16. h4
g4 17. Ng1 f5 18. Qd2 Bh6 19. f4 Nb4 20. Bb5 O-O 21. b3 Ng6 22. Ba3 exf4 23.
Bxb4 axb4 24. Nce2 c4 25. Bxc4 Ra5 26. Qxb4 Ne5 27. Qxd6 f3 28. Qxh6 Qc8 29. Nf4
Nf7 30. Qg6+ Kh8 31. Nxh5 Rg8 32. Qxf7 fxe4 33. Qf6+ Kh7 34. Qxb6 f2+ 35. Kxf2
Qf8+ 36. Nf4 Ra8 37. Qd4 Re8 38. Re1 Bf5 39. d6 Qg7 40. Bxg8+ Kxg8 41. Qd5+ Qf7
42. Qd4 Qg7 43. Qc5 Qe5 44. Qc6 e3+ 45. Ke2 Rb8 46. d7 Bxc2 47. Qxc2 Rd8 48.
Qg6+ Kf8 49. Qxg4 Qb2+ 50. Kf3 Qxb3 51. Ne6+ Ke7 52. Nxd8 Qd3 53. Rxe3+ Qxe3+
54. Kxe3 Kxd8 55. Nh3 Kc7 56. Rd1 Kd8 57. Qe6 Kc7 58. d8=Q+ Kb7 59. Rd7# 1-0

[Event "Challenge"]
[Site "http://www.queenalice.com/game.php?id=962106"]
[Date "2011.7.19"]
[Round "-"]
[White "elwis"]
[Black "vinoseco"]
[Result "0-1"]
[WhiteElo "1310"]
[BlackElo "1433"]

1. e4 e5 2. Nf3 Nc6 3. Bb5 Nd4 4. c3 Nxb5 5. Na3 Bxa3 6. bxa3 Nf6 7. Qe2 c6 8.
Qc4 g6 9. Nxe5 O-O 10. h4 Nd6 11. Qd3 Qe8 12. f4 Ndxe4 13. c4 d6 14. Qd4 dxe5
15. fxe5 c5 16. Qxc5 Nxc5 17. g4 Qxe5+ 18. Kd1 Qxa1 19. d3 Nxd3 20. h5 Qxc1+ 21.
Ke2 Qc2+ 22. Kf3 Qf2# 0-1

[Event "Challenge"]
[Site "http://www.queenalice.com/game.php?id=964671"]
[Date "2011.7.25"]
[Round "-"]
[White "elwis"]
[Black "palergiuseppe"]
[Result "1-0"]
[WhiteElo "1299"]
[BlackElo "1340"]

1. e4 d6 2. Bb5+ Bd7 3. a4 Bxb5 4. axb5 b6 5. g4 Nf6 6. Qf3 e5 7. c3 a5 8. b4 a4
9. h4 h5 10. g5 Ng4 11. d4 g6 12. c4 Bg7 13. Bb2 Nd7 14. Ne2 Qe7 15. c5 bxc5 16.
bxc5 O-O 17. Nec3 exd4 18. Nd5 Qd8 19. Na3 Nxc5 20. Nf6+ Nxf6 21. gxf6 Bxf6 22.
Rd1 Bg7 23. Rxd4 Bxd4 24. Bxd4 Ne6 25. Rg1 Nxd4 26. Qe3 Nf5 27. exf5 Qxh4 28.
fxg6 Qb4+ 29. Kf1 fxg6 30. Qe6+ Kh7 31. Rxg6 Qxa3 32. Rh6+ Kg7 33. Qg6# 1-0

[Event "Challenge"]
[Site "http://www.queenalice.com/game.php?id=973007"]
[Date "2011.8.16"]
[Round "-"]
[White "vinoseco"]
[Black "elwis"]
[Result "1-0"]
[WhiteElo "1480"]
[BlackElo "1317"]

1. e4 g5 2. Qh5 Nf6 3. Qxg5 Rg8 4. Qf5 e6 5. Qf4 c6 6. c4 Rg4 7. Qf3 Rxe4+ 8.
Be2 d5 9. cxd5 exd5 10. d3 Rg4 11. Qe3+ Be7 12. Bxg4 Bd7 13. h3 Na6 14. Qh6 Bb4+
15. Bd2 Qe7+ 16. Ne2 Bxd2+ 17. Nxd2 Nb4 18. Kd1 c5 19. a3 Na6 20. Re1 b5 21. Qg7
b4 22. axb4 Nxb4 23. Nc3 Be6 24. Nb5 Kd7 25. Nb3 h5 26. Bxe6+ fxe6 27. Nxc5+ Ke8
28. Qxe7+ Kxe7 29. Rxe6+ Kf7 30. Kd2 a5 31. Rae1 Rc8 32. Re7+ Kf8 33. Ne6+ Kxe7
34. Na7 Rg8 35. g3 a4 36. Nc5+ Kf7 37. Nb5 Rc8 38. Nd6+ Kf8 39. Nxc8 Kg7 40.
Nxa4 d4 41. Nc5 Kg6 42. Ne7+ Kg5 43. h4+ Kg4 44. Ke2 Nc2 45. Rc1 Nb4 46. Rc4 Na2
47. Rxd4+ Kh3 48. b4 Ng4 49. b5 Kg2 50. b6 Nc1+ 51. Kd2 Nb3+ 52. Nxb3 Nxf2 53.
b7 Kxg3 54. b8=Q+ Kg2 55. Qg8+ Kh3 56. Rf4 Nh1 57. Rf3+ Kh2 58. Rf1 Ng3 59. Rf2+
Kg1 60. Qxg3+ Kh1 61. Rf1# 1-0

[Event "Challenge"]
[Site "http://www.queenalice.com/game.php?id=990780"]
[Date "2011.9.27"]
[Round "-"]
[White "elwis"]
[Black "vinoseco"]
[Result "0-1"]
[WhiteElo "1308"]
[BlackElo "1483"]

1. d4 Nc6 2. g4 Nf6 3. f3 e5 4. c3 exd4 5. c4 Qe7 6. f4 Nxg4 7. h3 Nf6 8. a3 Qc5
9. e3 Qe7 10. b4 a5 11. b5 Nd8 12. Nf3 dxe3 13. Ne5 d6 14. Nd3 Qe4 15. Rh2 Ne6
16. Rf2 exf2+ 17. Kxf2 Qd4+ 18. Ke2 Qxa1 19. f5 Nd4+ 20. Kd2 Qxb1 21. c5 Bxf5
22. cxd6 cxd6 23. b6 Qxb6 24. Bg2 Rc8 25. Qe1+ Be7 26. Nf4 Rc2+ 27. Kd1 Qb1 28.
Qd2 Rxd2+ 29. Kxd2 Qc2+ 30. Ke3 Qc3+ 31. Kf2 Qxc1 32. Bxb7 Qxf4+ 33. Ke1 Nc2+
34. Kd1 Qf1+ 35. Kd2 Qe1# 0-1

[Event "Let's Play Chess!"]
[Site "http://www.queenalice.com/game.php?id=1122899"]
[Date "2012.11.16"]
[Round "-"]
[White "ro_reinert"]
[Black "elwis"]
[Result "1-0"]
[WhiteElo "424"]
[BlackElo "1299"]

1. d4 Nc6 2. e3 e5 3. d5 Nce7 4. Bc4 c5 5. Nf3 Qa5+ 6. Bd2 Qb6 7. b3 d6 8. e4
Bg4 9. O-O h5 10. Bg5 f6 11. Be3 a5 12. g3 g5 13. Nc3 f5 14. Bb5+ Nc6 15. h3
Bxh3 16. Nxg5 a4 17. bxa4 Qa5 18. Ne6 Bh6 19. Qe1 f4 20. Bd2 Qb4 21. Rb1 Nf6 22.
Rxb4 cxb4 23. Nb1 Ke7 24. Nc7 fxg3 25. Kh1 g2+ 26. Kh2 Bd7 27. Bxh6 Rxh6 28. Rg1
Rg8 29. Be2 Nxe4 30. f3 Nc5 31. Bb5 Rhg6 32. Qh4+ Rg5 33. c3 Kf8 34. Qh3 Bxh3
35. Nd2 e4 36. fxe4 Rg3 37. dxc6 b6 38. Na8 Ke7 39. Nxb6 h4 40. cxb4 Rf8 41. c7
Ke6 42. Nd5 Rf2 43. a3 Nb3 44. c8=Q+ Ke5 45. Nxb3 Rf1 46. Qe8+ Be6 47. Nb6 Rf2
48. Qh5+ Kf4 49. Qxh4+ Bg4 50. Qxg3+ 1-0